বাংলাদেশের বাণিজ্যিক ও শিল্প আইন/ (Record no. 18592)

MARC details
000 -LEADER
fixed length control field 00836nam a22002057a 4500
003 - CONTROL NUMBER IDENTIFIER
control field BDDh-ASL
005 - DATE AND TIME OF LATEST TRANSACTION
control field 20231015025721.0
008 - FIXED-LENGTH DATA ELEMENTS--GENERAL INFORMATION
fixed length control field 201017s1989 bg ||||| |||| 00| 0 ben d
040 ## - CATALOGING SOURCE
Original cataloging agency BDDh-ASL
Transcribing agency BDDh-ASL
Modifying agency BDDh-ASL
041 ## - LANGUAGE CODE
Language code of text/sound track or separate title ben
082 ## - DEWEY DECIMAL CLASSIFICATION NUMBER
Classification number 347.75492
Item number ABB
100 ## - MAIN ENTRY--PERSONAL NAME
9 (RLIN) 1429
Personal name জলিল, আবদুল
245 10 - TITLE STATEMENT
Title বাংলাদেশের বাণিজ্যিক ও শিল্প আইন/
Statement of responsibility, etc. আবদুল জলিল।
246 ## - VARYING FORM OF TITLE
Title proper/short title Bangladesher Bnijyik o Shilpa Ain
260 ## - PUBLICATION, DISTRIBUTION, ETC.
Place of publication, distribution, etc. ঢাকা:
Name of publisher, distributor, etc. বাংলা একাডেমী,
Date of publication, distribution, etc. ১৯৮৯।
300 ## - PHYSICAL DESCRIPTION
Extent পৃ. ৮৪১:
Dimensions ২৪ সে. মি.।
504 ## - BIBLIOGRAPHY, ETC. NOTE
Bibliography, etc. note গ্রন্থপঞ্জি সংযুক্ত।
650 #0 - SUBJECT ADDED ENTRY--TOPICAL TERM
9 (RLIN) 1431
Topical term or geographic name entry element আইন
General subdivision শিল্প আইন
Geographic subdivision বাংলাদেশ
942 ## - ADDED ENTRY ELEMENTS (KOHA)
Source of classification or shelving scheme Dewey Decimal Classification
Koha item type Books
Holdings
Withdrawn status Lost status Source of classification or shelving scheme Damaged status Not for loan Collection code Home library Current library Shelving location Date acquired Source of acquisition Total Checkouts Full call number Barcode Date last seen Copy number Price effective from Koha item type
    Dewey Decimal Classification     Non-fiction Asiatic Society Library Asiatic Society Library General Stacks 10/17/2020 Complementary   347.75492 ABB 101798 10/17/2020 C-1 10/17/2020 Books

Powered by Koha